Lion Salt Works, Marston - a laser scanning case study (Record no. 73728)
[ view plain ]
| 000 -LEADER | |
|---|---|
| fixed length control field | 00916cam a2200217 4500 |
| 001 - CONTROL NUMBER | |
| control field | ABS67162 |
| 008 - FIXED-LENGTH DATA ELEMENTS--GENERAL INFORMATION | |
| fixed length control field | 031030n2003 000 0 eng u |
| 035 ## - SYSTEM CONTROL NUMBER | |
| System control number | (Sirsi) u124200 |
| 100 ## - MAIN ENTRY--PERSONAL NAME | |
| Personal name | Rogers, T. |
| 245 ## - TITLE STATEMENT | |
| Title | Lion Salt Works, Marston - a laser scanning case study |
| 260 ## - PUBLICATION, DISTRIBUTION, ETC. | |
| Date of publication, distribution, etc. | 2003 |
| 490 ## - SERIES STATEMENT | |
| Series statement | Civil Engineering Surveyor |
| Volume/sequential designation | October 2003, 27-29(3) |
| 520 ## - SUMMARY, ETC. | |
| Summary, etc. | Looks at an example of laser scanning at Lion Salt Works, Marston, Cheshire. It is the last surviving open plan salt works in the country and consequently it has been upgraded from a Grade II listed building to a scheduled ancient monument. The survey was intended as a historical record and to form the basis for a full repair specification. |
| 590 ## - LOCAL NOTE (RLIN) | |
| Local note | ABS |
| 650 ## - SUBJECT ADDED ENTRY--TOPICAL TERM | |
| Topical term or geographic name entry element | LASER SURVEYING |
| 650 ## - SUBJECT ADDED ENTRY--TOPICAL TERM | |
| Topical term or geographic name entry element | SCHEDULED ANCIENT MONUMENTS |
| 650 ## - SUBJECT ADDED ENTRY--TOPICAL TERM | |
| Topical term or geographic name entry element | LISTED BUILDINGS |
| 650 ## - SUBJECT ADDED ENTRY--TOPICAL TERM | |
| Topical term or geographic name entry element | SALT WORKINGS |
| 690 ## - LOCAL SUBJECT ADDED ENTRY--TOPICAL TERM (OCLC, RLIN) | |
| Topical term or geographic name as entry element | Geomatics |
| 9 (RLIN) | 6242 |
| 942 ## - ADDED ENTRY ELEMENTS (KOHA) | |
| Suppress in OPAC | 0 |
| Withdrawn status | Lost status | Source of classification or shelving scheme | Damaged status | Not for loan | Home library | Current library | Shelving location | Date acquired | Total Checkouts | Full call number | Barcode | Date last seen | Copy number | Price effective from | Koha item type |
|---|---|---|---|---|---|---|---|---|---|---|---|---|---|---|---|
| Dewey Decimal Classification | London | London | Journal article | 30/10/2003 | ABS67162 | 124200-1001 | 06/08/2019 | 1 | 06/08/2019 | Journal article |